| 000 | 00597nam a22001937a 4500 | ||
|---|---|---|---|
| 999 |
_c181186 _d181186 |
||
| 005 | 20210903170717.0 | ||
| 010 | _aB-741382 | ||
| 020 |
_a9788129118431 _c195.00 |
||
| 035 | _aB-741382 | ||
| 037 | _bGift | ||
| 082 | _a823 | ||
| 100 | _aSaikia, Ankush | ||
| 245 |
_aSpotting veron and other stories / _cby Ankush Saikia |
||
| 260 |
_aNew Delhi _bRupa Publications _c2011 |
||
| 270 |
_a7/16 Ansari Road, Daryaganj, _bDelhi _e110002 |
||
| 300 |
_a181p. _c20cm(pbk) |
||
| 942 |
_2ddc _cEN _mSAI _h823 |
||